000
00232nam a2200097Ia 4500
001
1172503
005
20250827012556.0
008
250824s9999 xx 000 0 und d
245
0
_a
CESUR MANE
_c
DIEGO ROBERTO
260
_b
DOKUZ ÇOCUK
999
_c
1172503
_d
1172503